000 00227 a2200097 4500
001 17623
100 _aLuke Y L
245 _aThe special functions & their applications
260 _a
_bAcademic Press
_c
090 _c13012
_d13012
942 _aNUST-CAE
_cM
_c3351
999 _c252696
_d252696